[Event "U.S. Amateur North"]
[Site "Detroit, MI"]
[Date "1997.05.25"]
[Round "5.3"]
[White "Croel, Duane"]
[Black "Martell, Raul"]
[Result "0-1"]
[WhiteElo "1767"]
[BlackElo "1678"]
[PlyCount "112"]
[EventDate "1997.05.24"]

1. d4 d5 2. c4 e6 3. Nc3 Bb4 4. e3 Nf6 5. Bd3 Bd7 6. Nge2 Nc6 7. a3 Bxc3+ 8.
bxc3 dxc4 9. Bxc4 Na5 10. Bd3 c6 11. Rb1 Qc7 12. Qc2 c5 13. c4 b6 14. Bd2 Nb7
15. e4 cxd4 16. Nxd4 e5 17. Nf3 Bc6 18. Bc3 Nd7 19. O-O O-O 20. Nd2 Nbc5 21. f4
exf4 22. Rf2 Rfe8 23. Rbf1 Nxd3 24. Qxd3 Nc5 25. Qd4 Ne6 26. Qd3 Rad8 27. Qe2
Rd7 28. Qg4 Rd3 29. Bb2 Red8 30. Nf3 Bxe4 31. Ng5 Nxg5 32. Qxg5 Bg6 33. Rxf4
Qc5+ 34. Qxc5 bxc5 35. Re1 h6 36. Re2 Rb8 37. Kf2 Rdb3 38. Bc1 Rb1 39. Be3 Bd3
40. Rd2 Rf1+ 41. Kg3 Rxf4 42. Bxf4 Rb3 43. Kf2 Bxc4 44. Rc2 Be6 45. Rxc5 Rxa3
46. Rc7 a5 47. Ra7 a4 48. Ra8+ Kh7 49. Bd6 Ra2+ 50. Kg3 Rxg2+ 51. Kxg2 Bd5+ 52.
Kf2 Bxa8 53. Ke3 Bd5 54. Kd4 Bb3 55. Ke3 g5 56. h3 Kg6 0-1

[Event "U.S. Amateur North"]
[Site "Detroit, MI"]
[Date "1997.05.25"]
[Round "4.8"]
[White "Coleman, John"]
[Black "Poenisch, Volker"]
[Result "1/2-1/2"]
[WhiteElo "1949"]
[BlackElo "1957"]
[PlyCount "120"]
[EventDate "1997.05.24"]

1. d4 d5 2. c4 e6 3. Nc3 Nf6 4. Nf3 c5 5. cxd5 Nxd5 6. Nxd5 exd5 7. dxc5 Bxc5
8. e3 O-O 9. Be2 Nc6 10. O-O Be6 11. a3 Qf6 12. Qc2 Bd6 13. Bd2 Rac8 14. Bc3
Qh6 15. Qa4 g5 16. g3 Qg6 17. Nd4 Bh3 18. Rfe1 h5 19. Bf3 Ne7 20. Qc2 Qxc2 21.
Nxc2 Be6 22. Bxh5 g4 23. Nd4 Bd7 24. f3 gxf3 25. Bxf3 Bc6 26. Kg2 Ng6 27. Nf5
Bc5 28. h4 Rfe8 29. b4 Bd7 30. Nd4 Bd6 31. Rac1 Ne5 32. Be2 Ng4 33. Bxg4 Bxg4
34. Nb5 Bb8 35. Bd4 a6 36. Nc3 Be6 37. Ne2 Kh7 38. Rxc8 Rxc8 39. Rc1 Rg8 40.
Rf1 Rc8 41. Nf4 Rc2+ 42. Rf2 Bf5 43. Rxc2 Bxc2 44. Kf3 Bxf4 45. Kxf4 Kg6 46.
Ke5 Ba4 47. Kxd5 Kf5 48. Be5 Bc6+ 49. Kd4 Kg4 50. Kc5 f5 51. Kb6 Be4 52. a4 Kh5
53. b5 axb5 54. axb5 Kg4 55. Kc5 Kh5 56. b6 Kg4 57. Kd6 Kh5 58. Ke6 Bd3 59. Bc7
Be4 60. Ke5 Kg4 1/2-1/2

[Event "U.S. Amateur North"]
[Site "Detroit, MI"]
[Date "1997.05.25"]
[Round "5.26"]
[White "Chrzan, Bryan"]
[Black "Mahabir, Jagdesh"]
[Result "0-1"]
[WhiteElo "903"]
[BlackElo "1471"]
[PlyCount "46"]
[EventDate "1997.05.24"]

1. e4 d6 2. Nc3 Nf6 3. Nf3 g6 4. d3 Bg7 5. Be2 O-O 6. O-O c5 7. Be3 Nc6 8. Qd2
Bg4 9. Bh6 Bxf3 10. Bxf3 Nd4 11. Bd1 Qd7 12. Ne2 e5 13. Nxd4 cxd4 14. Bxg7 Kxg7
15. c3 dxc3 16. Qxc3 Rfc8 17. Qb3 Rc6 18. Qa3 Ra6 19. Qc3 Rc8 20. Qb4 h5 21.
Be2 Rcc6 22. d4 Rcb6 23. dxe5 Rxb4 0-1

[Event "U.S. Amateur North"]
[Site "Detroit, MI"]
[Date "1997.05.25"]
[Round "4.35"]
[White "Chrzan, Bryan"]
[Black "Hooker, Larry"]
[Result "1-0"]
[WhiteElo "903"]
[BlackElo "1067"]
[PlyCount "143"]
[EventDate "1997.05.24"]

1. e4 e5 2. Nf3 Nc6 3. Bb5 Nf6 4. Nc3 Bc5 5. Bxc6 dxc6 6. Nxe5 O-O 7. O-O Qd4
8. Nf3 Qc4 9. d3 Qe6 10. Bg5 Ng4 11. h3 Nf6 12. Qe2 Nd7 13. Be3 Bd6 14. d4 f6
15. d5 cxd5 16. Nxd5 Ne5 17. Nxe5 Qxe5 18. Bf4 Qxb2 19. Bxd6 cxd6 20. Ne7+ Kh8
21. Nxc8 Rfxc8 22. Rfb1 Qe5 23. Rd1 d5 24. f3 f5 25. Rab1 dxe4 26. Rxb7 Qc5+
27. Kf1 exf3 28. Qxf3 Qc4+ 29. Kg1 Qxc2 30. Rdd7 Rg8 31. Qh5 Qc5+ 32. Kh2 Qe5+
33. g3 Qf6 34. h4 f4 35. Qg5 Qxg5 36. hxg5 fxg3+ 37. Kxg3 a5 38. Kg4 Rad8 39.
Rxd8 Rxd8 40. Ra7 g6 41. Rxa5 Rd4+ 42. Kf3 Kg8 43. Ra7 Rd3+ 44. Ke4 Rh3 45. a4
Rh4+ 46. Kd5 Rh5 47. Ke6 Rxg5 48. a5 Rg1 49. a6 g5 50. Kf6 Rf1+ 51. Kxg5 Rb1
52. Rb7 Rg1+ 53. Kf4 h5 54. a7 Ra1 55. Rb8+ Kg7 56. a8=Q Rxa8 57. Rxa8 h4 58.
Ra3 Kh6 59. Kg4 Kg6 60. Ra6+ Kf7 61. Kxh4 Ke7 62. Kg5 Kd7 63. Kf5 Kc7 64. Ke5
Kd7 65. Rh6 Kc7 66. Kd5 Kb7 67. Kc5 Ka7 68. Rb6 Ka8 69. Rb1 Ka7 70. Kc6 Ka8 71.
Kc7 Ka7 72. Ra1# 1-0

[Event "U.S. Amateur North"]
[Site "Detroit, MI"]
[Date "1997.05.25"]
[Round "5.23"]
[White "Chrzan, Anthony"]
[Black "Iyer, Krishnan"]
[Result "0-1"]
[WhiteElo "948"]
[BlackElo "1494"]
[PlyCount "96"]
[EventDate "1997.05.24"]

1. e4 c5 2. Nf3 Nc6 3. d4 cxd4 4. Nxd4 Nf6 5. Nc3 d6 6. Bb5 Bd7 7. Nxc6 bxc6 8.
Bd3 Qc7 9. Bg5 h6 10. Be3 e5 11. Qd2 Be7 12. O-O Ng4 13. Be2 Nxe3 14. fxe3 O-O
15. Rf3 Rab8 16. Bc4 Be6 17. Bxe6 fxe6 18. Rxf8+ Bxf8 19. b3 d5 20. exd5 cxd5
21. Rf1 Rd8 22. Qd3 e4 23. Qd1 Bd6 24. Qh5 Rf8 25. Rxf8+ Bxf8 26. Nxd5 exd5 27.
Qxd5+ Kh8 28. Qxe4 Qc3 29. Kf2 a5 30. Qd3 Qf6+ 31. Ke2 Bb4 32. a4 Bc3 33. Qe4
Bb4 34. Kd3 Qc3+ 35. Ke2 Qf6 36. Qf4 Qc6 37. e4 Qxc2+ 38. Kf3 Qxb3+ 39. Kg4
Qxa4 40. Qf5 Qe8 41. e5 Bc3 42. e6 Qe7 43. Kf3 Kg8 44. Qg6 Qf6+ 45. Qxf6 gxf6
46. Ke3 Kf8 47. Ke4 Ke7 48. Kd5 a4 0-1

[Event "U.S. Amateur North"]
[Site "Detroit, MI"]
[Date "1997.05.25"]
[Round "4.37"]
[White "Bhagwat, Samuel"]
[Black "Chrzan, Anthony"]
[Result "0-1"]
[WhiteElo "992"]
[BlackElo "948"]
[PlyCount "55"]
[EventDate "1997.05.24"]

1. e4 e5 2. f4 d6 3. Nf3 Nc6 4. d4 exd4 5. Nxd4 Nge7 6. Bc4 Nxd4 7. Qxd4 Nc6 8.
Qd1 Be7 9. O-O O-O 10. f5 Ne5 11. b3 Bf6 12. Bb2 Nxc4 13. bxc4 Bxb2 14. Nd2
Bxa1 15. Qxa1 f6 16. Qd1 c6 17. Nb3 Qd7 18. c5 d5 19. Nd4 dxe4 20. Ne6 Qxd1 21.
Rxd1 Bxe6 22. fxe6 Rfd8 23. Re1 Re8 24. Rxe4 Re7 25. Kf2 Rae8 26. Ra4 Rxe6 27.
Rxa7 Re2+ 28. Kg3 {Remainder illegible, 31?} 0-1

[Event "U.S. Amateur North"]
[Site "Detroit, MI"]
[Date "1997.05.25"]
[Round "4.4"]
[White "Beider, Andrew"]
[Black "Martell, Raul"]
[Result "0-1"]
[WhiteElo "2105"]
[BlackElo "1678"]
[PlyCount "93"]
[EventDate "1997.05.24"]

1. d4 d5 2. Nf3 Bf5 3. g3 e6 4. Bg2 h6 5. O-O Nf6 6. c4 c6 7. Qb3 Qc7 8. Bf4
Qc8 9. Nc3 Nbd7 10. Ne5 g5 11. Nxd7 Nxd7 12. Bd2 Nf6 13. Rfe1 Bg7 14. Rac1 dxc4
15. Qxc4 O-O 16. e4 Bg6 17. f4 gxf4 18. Bxf4 Qd7 19. Rcd1 Rfd8 20. Be5 Re8 21.
Qf1 Qe7 22. h3 Rad8 23. Kh2 Nh5 24. Bxg7 Kxg7 25. g4 Nf6 26. e5 Nd5 27. Ne4
Bxe4 28. Bxe4 Qg5 29. Bxd5 Rxd5 30. Re4 Red8 31. Rf4 Qg6 32. Kg3 R8d7 33. h4
Qc2 34. Rf2 Qe4 35. Re2 Qg6 36. h5 Qg5 37. Rf2 c5 38. Rf4 cxd4 39. Rd3 Qxe5 40.
Kh3 Qc7 41. g5 Rxg5 42. Rg4 Rxg4 43. Kxg4 Qe5 44. Rg3 Kh8 45. Qc4 Qd5 46. Qb4
f5+ 47. Kh4 0-1

[Event "U.S. Amateur North"]
[Site "Detroit, MI"]
[Date "1997.05.25"]
[Round "5.13"]
[White "Andreas, Peter"]
[Black "Morian, William"]
[Result "1-0"]
[WhiteElo "1968"]
[BlackElo "1603"]
[PlyCount "81"]
[EventDate "1997.05.24"]

1. d4 Nf6 2. c4 e6 3. Nc3 Bb4 4. Qc2 d5 5. e3 O-O 6. Bd3 dxc4 7. Bxc4 c5 8. Nf3
Nc6 9. dxc5 Bxc5 10. O-O b6 11. Rd1 Qe7 12. a3 Bb7 13. b4 Bd6 14. Nb5 Bc7 15.
Bb2 Rac8 16. Nxc7 Rxc7 17. Qe2 Rfc8 18. Rac1 Ne4 19. Bd3 Nb8 20. Rxc7 Rxc7 21.
Rc1 Rxc1+ 22. Bxc1 Ng5 23. Nd4 Ne4 24. Qc2 Nf6 25. Bb2 h6 26. h3 Qd8 27. Nb5
Nc6 28. Bxf6 Qxf6 29. Nd6 Qa1+ 30. Qb1 Qxb1+ 31. Bxb1 Nd8 32. Bd3 Kf8 33. Kf1
Ke7 34. Nxb7 Nxb7 35. Ke2 Kd6 36. Be4 Nd8 37. Kd3 a5 38. bxa5 bxa5 39. Kc4 Nc6
40. Kb5 Ke5 41. Bxc6 1-0

[Event "U.S. Amateur North"]
[Site "Detroit, MI"]
[Date "1997.05.25"]
[Round "5.22"]
[White "Alliston, Richard"]
[Black "Maldonado, Florentino"]
[Result "1/2-1/2"]
[WhiteElo "1510"]
[BlackElo "994"]
[PlyCount "107"]
[EventDate "1997.05.24"]

1. d4 d5 2. c4 Nf6 3. Nc3 dxc4 4. e3 Nc6 5. Bxc4 e5 6. Qa4 Bd7 7. Qd1 Bf5 8. d5
Nb4 9. Bb3 Nd3+ 10. Ke2 e4 11. f3 Nxc1+ 12. Qxc1 exf3+ 13. Nxf3 Bd6 14. Re1 Bg4
15. h3 Bxf3+ 16. Kxf3 O-O 17. e4 Bb4 18. a3 Bxc3 19. Qxc3 Rc8 20. Rac1 c6 21.
dxc6 Rxc6 22. Qe3 Rxc1 23. Rxc1 b6 24. Rd1 Qe7 25. Rd4 g6 26. g4 Qe5 27. Kg2
Kg7 28. Bc2 Rc8 29. Bb1 Rc1 30. Qxc1 Qxd4 31. Qc3 Qxc3 32. bxc3 h5 33. g5 Nh7
34. h4 f6 35. gxf6+ Nxf6 36. Kg3 a5 37. Bd3 Nd7 38. Kf4 Kf6 39. a4 Nc5 40. e5+
Ke7 41. Bxg6 Nxa4 42. Bxh5 Nxc3 43. Bg6 a4 44. Bc2 a3 45. Bb3 Ne2+ 46. Ke3 Ng3
47. Kd3 Kf8 48. Kc3 Nf5 49. h5 Kg7 50. Kb4 Kh6 51. Kxa3 Kxh5 52. Kb4 Ng7 53.
Kb5 Kg5 54. Kxb6 1/2-1/2

[Event "Chicago Open U2200"]
[Site "Schaumburg, IL"]
[Date "1997.05.25"]
[Round "5"]
[White "Aldrich, Jeff"]
[Black "Krizhner, Mikhail"]
[Result "1-0"]
[WhiteElo "2065"]
[BlackElo "2047"]
[PlyCount "67"]
[EventDate "1997.05.23"]

1. d4 e6 2. c4 Nf6 3. Nc3 d5 4. Bg5 Nbd7 5. e3 Be7 6. Nf3 c6 7. Qc2 Nb6 8. cxd5
exd5 9. Bd3 h6 10. Bh4 O-O 11. O-O Be6 12. Rfe1 Rc8 13. Rac1 c5 14. Qe2 Re8 15.
Bb1 Nfd7 16. Bg3 Nf8 17. a3 Bg4 18. dxc5 Bxc5 19. b4 Bd6 20. Nb5 Bxg3 21. hxg3
a6 22. Nbd4 Ne6 23. Qd3 Nf8 24. Ba2 Bh5 25. Nh4 Ng6 26. Ndf3 Nc4 27. Qf5 Bxf3
28. Nxf3 Nge5 29. Red1 Nxf3+ 30. Qxf3 Ne5 31. Qxd5 Rxc1 32. Qxd8 Rxd8 33. Rxc1
Rd3 34. Rc8+ 1-0

[Event "Chicago Open U2200"]
[Site "Schaumburg, IL"]
[Date "1997.05.26"]
[Round "6"]
[White "Damocles, Job"]
[Black "Aldrich, Jeff"]
[Result "0-1"]
[WhiteElo "2040"]
[BlackElo "2065"]
[PlyCount "54"]
[EventDate "1997.05.23"]

1. d4 d5 2. c4 c6 3. Nc3 Nf6 4. Bg5 e6 5. e3 Nbd7 6. cxd5 exd5 7. Bd3 Be7 8.
Qc2 h6 9. Bh4 O-O 10. Nf3 Re8 11. O-O a6 12. Rac1 Nh5 13. Bg3 Nxg3 14. hxg3 Bd6
15. Rfd1 Nf6 16. a3 Qe7 17. Bf5 Ne4 18. Bxc8 Raxc8 19. Nxe4 Qxe4 20. Qxe4 Rxe4
21. Ne1 Rce8 22. Nd3 g5 23. Rc3 f5 24. Rb3 R8e7 25. Ne5 Bxe5 26. f3 Rxe3 27.
Rb4 Bxg3 0-1

[Event "Chicago Open U2200"]
[Site "Schaumburg, IL"]
[Date "1997.05.26"]
[Round "7"]
[White "Aldrich, Jeff"]
[Black "Middleton, Douglas"]
[Result "0-1"]
[WhiteElo "2065"]
[BlackElo "2057"]
[PlyCount "74"]
[EventDate "1997.05.23"]

1. d4 Nf6 2. c4 g6 3. Nc3 Bg7 4. e4 d6 5. f3 O-O 6. Be3 e5 7. d5 Nh5 8. Qd2
Qh4+ 9. Bf2 Qe7 10. O-O-O f5 11. Be2 Nf4 12. g3 Nxe2+ 13. Qxe2 a6 14. h4 Nd7
15. h5 f4 16. gxf4 exf4 17. hxg6 hxg6 18. Nh3 Ne5 19. Rdg1 Bxh3 20. Rxh3 Kf7
21. Bh4 Qd7 22. Rh2 b5 23. Bg5 bxc4 24. Qg2 Nd3+ 25. Kd1 Rh8 26. Bh6 Ne5 27.
Bxf4 Rxh2 28. Bxh2 Rg8 29. f4 Nd3 30. Qxg6+ Kf8 31. Rg5 Rh8 32. Rf5+ Kg8 33.
Bg1 Nxb2+ 34. Kd2 Rh6 35. Qg4 Kh7 36. Ne2 Qa4 37. Bd4 Qd1+ 0-1

[Event "Ann Arbor Month Long Swiss"]
[Site "Ann Arbor, MI"]
[Date "1997.05.28"]
[Round "4.1"]
[White "Solon, Nathan"]
[Black "Schulte, Michael"]
[Result "1-0"]
[WhiteElo "1848"]
[BlackElo "1532"]
[PlyCount "29"]
[EventDate "1997.05.07"]

1. e4 e5 2. Nf3 d6 3. d4 Nf6 4. Nc3 Nbd7 5. Bc4 Be7 6. O-O O-O 7. Re1 Re8 8.
Bxf7+ Kh8 9. Bxe8 Qxe8 10. Nd5 Nxd5 11. exd5 e4 12. Rxe4 Nf6 13. Re1 Nxd5 14.
c4 Nf6 15. Qe2 1-0

[Event "Ann Arbor Month Long Swiss"]
[Site "Ann Arbor, MI"]
[Date "1997.05.28"]
[Round "4.2"]
[White "King, Kenny"]
[Black "Drysdale, Gilbert"]
[Result "1-0"]
[WhiteElo "1601"]
[BlackElo "1885"]
[PlyCount "77"]
[EventDate "1997.05.07"]

1. d4 d5 2. c4 e5 3. dxe5 d4 4. Nf3 Nc6 5. g3 Be6 6. Qa4 Nge7 7. Bg2 Ng6 8. O-O
Qd7 9. Rd1 O-O-O 10. Na3 Bc5 11. Nc2 Ncxe5 12. Qxd7+ Rxd7 13. b4 Be7 14. c5
Rhd8 15. Nfxd4 Bf6 16. Bb2 Nc6 17. Bxc6 bxc6 18. e3 Ne5 19. Ne1 Bg4 20. Rdb1
Nc4 21. Bc3 Na3 22. Rb3 Nb5 23. Nxb5 cxb5 24. Bxf6 gxf6 25. Rb2 Rd2 26. Rxd2
Rxd2 27. a3 Kd7 28. Rc1 Ke6 29. f3 Bf5 30. e4 Bg6 31. Rc2 Rd1 32. Kf2 Ra1 33.
Rc3 Ra2+ 34. Ke3 Ra1 35. Kf2 Ra2+ 36. Nc2 Ke5 37. Ke3 c6 38. Nd4 Rxh2 39. f4#
1-0

[Event "Ann Arbor Month Long Swiss"]
[Site "Ann Arbor, MI"]
[Date "1997.05.28"]
[Round "4.3"]
[White "King, Edwin"]
[Black "McCarter, Robert"]
[Result "1-0"]
[WhiteElo "1570"]
[BlackElo "1657"]
[PlyCount "105"]
[EventDate "1997.05.07"]

1. d4 Nf6 2. c4 e6 3. Nf3 b6 4. g3 Bb7 5. Bg2 Be7 6. Nc3 O-O 7. O-O d5 8. Ne5
c5 9. e3 cxd4 10. exd4 a6 11. Bg5 Ra7 12. Qb3 dxc4 13. Nxc4 Bxg2 14. Kxg2 b5
15. Nd2 Nc6 16. Nf3 Rd7 17. Ne2 Nd5 18. Bxe7 Ndxe7 19. Rac1 Qa8 20. Kg1 Rfd8
21. Rfd1 Nf5 22. Qc3 Nce7 23. Ne5 Nd5 24. Qf3 Rc7 25. Rxc7 Nxc7 26. Qxa8 Rxa8
27. Rc1 Nd5 28. a3 Nfe7 29. Nc6 Kf8 30. Kg2 Nxc6 31. Rxc6 Ke7 32. Kf3 Kd7 33.
Rc5 Kd6 34. Nc3 Nb6 35. Ne4+ Kd7 36. b3 Nd5 37. Ng5 f6 38. Ne4 Re8 39. Nc3 Nxc3
40. Rxc3 Kd6 41. b4 Re7 42. h3 Rc7 43. Rxc7 Kxc7 44. Ke4 Kd6 45. f3 f5+ 46. Kd3
Kd5 47. Kc3 g6 48. Kd3 h6 49. h4 g5 50. h5 e5 51. dxe5 Kxe5 52. Ke3 g4 53. fxg4
1-0

[Event "Ann Arbor Month Long Swiss"]
[Site "Ann Arbor, MI"]
[Date "1997.05.28"]
[Round "4.4"]
[White "King, Billy"]
[Black "Scioly, Tony"]
[Result "0-1"]
[WhiteElo "1409"]
[BlackElo "1534"]
[PlyCount "74"]
[EventDate "1997.05.07"]

1. e4 c5 2. Nc3 d6 3. g3 Nf6 4. Bg2 Bg4 5. Nge2 Nc6 6. d3 g6 7. O-O Bg7 8. Be3
O-O 9. Qd2 Rc8 10. f4 Qd7 11. Nd5 Bxe2 12. Qxe2 Nxd5 13. exd5 Nd4 14. Qd2 Nf5
15. c3 Nxe3 16. Qxe3 b5 17. Qd2 a5 18. Rae1 b4 19. Re2 Rfe8 20. f5 bxc3 21.
bxc3 Rb8 22. Bh3 Qb7 23. fxg6 hxg6 24. Rfe1 a4 25. Bg2 a3 26. Qc1 Qa7 27. Rf1
Qa5 28. Qf4 Bf6 29. Rc2 Rb2 30. Rff2 Rxc2 31. Rxc2 Bxc3 32. Bh3 Rb8 33. Qc1
Bd4+ 34. Kh1 Rb2 35. Bg4 Qb4 36. Qd2 Qxd2 37. Rxd2 Rxd2 0-1

[Event "Ann Arbor Month Long Swiss"]
[Site "Ann Arbor, MI"]
[Date "1997.05.28"]
[Round "4.6"]
[White "Dolin, Jack"]
[Black "Curtis, Dave"]
[Result "1-0"]
[WhiteElo "1339"]
[BlackElo "1149"]
[PlyCount "73"]
[EventDate "1997.05.07"]

1. e4 e5 2. f4 d6 3. Nf3 Bg4 4. Bc4 Bxf3 5. Qxf3 Nf6 6. Qb3 Qd7 7. Qxb7 Qa4 8.
Qxa8 Qxc4 9. Qxb8+ Kd7 10. d3 Qxc2 11. O-O Qxd3 12. Qxa7 Nxe4 13. fxe5 f6 14.
Qa4+ Ke7 15. Rd1 Qe2 16. exd6+ cxd6 17. Nc3 Qf2+ 18. Kh1 Nc5 19. Qa7+ Ke6 20.
b4 Nd3 21. Be3 Qc2 22. Bd4 Be7 23. Re1+ Ne5 24. Ne4 h5 25. Rac1 Qd3 26. Rc3 Qb5
27. Rc7 Re8 28. Bxe5 fxe5 29. Rxe7+ Rxe7 30. Ng5+ Kf6 31. Qe3 Qxb4 32. Rf1+ Kg6
33. Nh3 Kh7 34. Qg5 Qc4 35. Rf8 Qe6 36. Qxh5+ Qh6 37. Ng5# 1-0

[Event "Ann Arbor Month Long Swiss"]
[Site "Ann Arbor, MI"]
[Date "1997.05.28"]
[Round "4.8"]
[White "Cooper, Stephen"]
[Black "Pauley, Bill"]
[Result "1-0"]
[WhiteElo "1281"]
[BlackElo "998"]
[PlyCount "64"]
[EventDate "1997.05.07"]

1. d4 d5 2. c4 c6 3. Nf3 b6 4. c5 Nd7 5. Nc3 e5 6. Nxe5 Nxe5 7. dxe5 Bxc5 8. e3
f6 9. exf6 Nxf6 10. Bd3 O-O 11. O-O Qc7 12. Ne2 Bd6 13. Ng3 Rd8 14. f4 Bc5 15.
Kh1 Ng4 16. Qf3 Re8 17. Re1 Qd8 18. Nf1 d4 19. e4 Re6 20. Qxg4 Rxe4 21. Qh4
Rxe1 22. Qxe1 Be7 23. Qe4 g6 24. Bd2 Rb8 25. Re1 Kf8 26. Qe5 Bd6 27. Qh8+ Kf7
28. Qxd8 Be6 29. Qxd6 Re8 30. Qxc6 Kf8 31. Rxe6 Rxe6 32. Qxe6 Kg7 {Remainder
illegible; 1-0, 38?} 1-0

[Event "Lansing Mini-Swiss (July)"]
[Site "Lansing, Mich."]
[Date "1997.07.13"]
[Round "1"]
[White "Triplett, Thomas"]
[Black "Moody, David"]
[Result "0-1"]
[WhiteElo "1861"]
[BlackElo "1994"]
[PlyCount "86"]
[EventDate "1997.07.13"]

1. e4 e5 2. Nf3 Nc6 3. Bb5 a6 4. Bxc6 dxc6 5. O-O Qd6 6. d4 exd4 7. Qxd4 Qxd4
8. Nxd4 Bd7 9. Bg5 f6 10. Be3 Ne7 11. Nc3 Ng6 12. f4 Bd6 13. Nf5 Bxf5 14. exf5
Ne7 15. g4 h5 16. h3 hxg4 17. hxg4 Rh4 18. Kf2 Rxg4 19. Kf3 Nxf5 20. Kxg4 Nxe3+
21. Kh5 Kf7 22. Kh4 g5+ 23. Kg3 Nxf1+ 24. Rxf1 Bxf4+ 25. Kf3 Rh8 26. Ne2 Be5
27. b3 f5 28. Nc1 Kg6 29. Nd3 Bd6 30. c4 Rh3+ 31. Ke2 Rh2+ 32. Rf2 Rxf2+ 33.
Kxf2 c5 34. Ne1 g4 35. Ng2 Kg5 36. Ne3 c6 37. Nd1 f4 38. Nc3 Kf5 39. Na4 Ke4
40. Nb6 f3 41. Nd7 g3+ 42. Kf1 Ke3 43. Kg1 Ke2 0-1

[Event "Lansing Mini-Swiss (July)"]
[Site "Lansing, Mich."]
[Date "1997.07.13"]
[Round "2"]
[White "Moody, David"]
[Black "Mankiewicz, Ryan"]
[Result "1-0"]
[WhiteElo "1994"]
[BlackElo "2021"]
[PlyCount "61"]
[EventDate "1997.07.13"]

1. e4 d6 2. d4 Nf6 3. Nc3 g6 4. f4 Bg7 5. Nf3 c5 6. dxc5 Qa5 7. Bd3 Qxc5 8. Qe2
O-O 9. Be3 Qa5 10. O-O Bg4 11. h3 Bxf3 12. Rxf3 Nc6 13. Raf1 Nd7 14. Bf2 Nd4
15. Bxd4 Bxd4+ 16. Kh1 Bxc3 17. bxc3 Qxc3 18. e5 Qc7 19. e6 Nf6 20. f5 d5 21.
exf7+ Kxf7 22. fxg6+ hxg6 23. Qe3 Kg7 24. Qd4 e5 25. Qh4 Nh5 26. Bxg6 Rxf3 27.
Rxf3 Kxg6 28. Qg4+ Kh6 29. Rf5 Ng7 30. Qh4+ Kg6 31. Rf6# 1-0

[Event "Lansing July Mini-Swiss.1"]
[Site "Lansing, MI"]
[Date "1997.07.13"]
[Round "2"]
[White "Fuller, William"]
[Black "Aldrich, Jeff"]
[Result "0-1"]
[WhiteElo "2081"]
[BlackElo "2004"]
[PlyCount "112"]
[EventDate "1997.07.13"]

1. d4 d5 2. Nf3 Nf6 3. Bg5 Ne4 4. Bh4 c5 5. e3 Nc6 6. Nbd2 Bf5 7. c3 Qb6 8. Qb3
e6 9. Nxe4 Bxe4 10. Ne5 Bd6 11. f3 Qxb3 12. axb3 Bc2 13. Nxc6 bxc6 14. Ba6 Rb8
15. dxc5 Bxc5 16. b4 Bxe3 17. Bg3 Rd8 18. Bb7 Kd7 19. Bf2 Bb6 20. Bxb6 axb6 21.
Ra7 Kc7 22. Ba6+ Kd6 23. Kd2 Bg6 24. Ra1 Ra8 25. Bd3 Rxa7 26. Rxa7 Re8 27. Bxg6
fxg6 28. Rxg7 Re7 29. Rxe7 Kxe7 30. f4 Kf6 31. Ke3 g5 32. g3 h5 33. h3 Kf5 34.
Kf3 gxf4 35. gxf4 c5 36. bxc5 bxc5 37. b4 d4 38. b5 dxc3 39. Ke3 e5 40. b6
exf4+ 41. Kd3 f3 42. b7 f2 43. b8=Q f1=Q+ 44. Kxc3 Qc1+ 45. Kd3 Qd1+ 46. Ke3
Qd4+ 47. Kf3 Qe4+ 48. Kg3 Qe5+ 49. Qxe5+ Kxe5 50. Kh4 c4 51. Kxh5 c3 52. Kg6 c2
53. h4 c1=Q 54. h5 Qg1+ 55. Kh7 Qg5 56. h6 Kf6 0-1

[Event "Lansing July Mini-Swiss.1"]
[Site "Lansing, MI"]
[Date "1997.07.13"]
[Round "3"]
[White "Aldrich, Jeff"]
[Black "Moody, David"]
[Result "0-1"]
[WhiteElo "2004"]
[BlackElo "2012"]
[PlyCount "70"]
[EventDate "1997.07.13"]

1. d4 Nf6 2. c4 g6 3. Nc3 Bg7 4. e4 d6 5. Bg5 c5 6. d5 O-O 7. Qd2 b5 8. cxb5 a6
9. f3 Nbd7 10. Nh3 Qa5 11. Rb1 axb5 12. Bxb5 Ne5 13. Nf2 Ba6 14. Bxa6 Qxa6 15.
Qe2 h6 16. Bc1 Rfb8 17. Qxa6 Rxa6 18. O-O Nfd7 19. Bf4 g5 20. Bg3 Nc4 21. Rfe1
Nd2 22. Rbd1 Rxb2 23. Nd3 Rc2 24. Nb1 Raxa2 25. f4 Nxb1 26. Rxb1 Rxg2+ 27. Kh1
gxf4 28. Nxf4 Rgb2 29. Rxb2 Rxb2 30. Nh5 Bd4 31. Rf1 Ne5 32. h3 Ra2 33. Bxe5
Bxe5 34. Rf3 c4 35. Ng3 c3 0-1

[Event "Lansing July Mini-Swiss.1"]
[Site "Lansing, MI"]
[Date "1997.07.13"]
[Round "1"]
[White "Aldrich, Jeff"]
[Black "June, Brian"]
[Result "1-0"]
[WhiteElo "2004"]
[BlackElo "1824"]
[PlyCount "23"]
[EventDate "1997.07.13"]

1. d4 d5 2. c4 Nf6 3. Nc3 e6 4. Bg5 Be7 5. Nf3 O-O 6. e3 Nbd7 7. Qc2 h6 8. h4
hxg5 9. hxg5 Ne4 10. Nxe4 dxe4 11. Qxe4 g6 12. Qh4 1-0

[Event "Northern Michigan Open"]
[Site "Gaylord, MI"]
[Date "1997.07.19"]
[Round "1.4"]
[White "Walquist, Elaine"]
[Black "Ryskamp, John"]
[Result "1-0"]
[WhiteElo "1745"]
[BlackElo "1339"]
[PlyCount "101"]
[EventDate "1997.07.19"]

1. e4 e6 2. d4 d5 3. Nc3 Nf6 4. e5 Ne4 5. Nxe4 dxe4 6. f3 c5 7. Be3 cxd4 8.
Qxd4 Qxd4 9. Bxd4 Nc6 10. Bb5 Bd7 11. Bxc6 Bxc6 12. O-O-O Be7 13. Re1 exf3 14.
Nxf3 O-O 15. Rhg1 Rfd8 16. c3 b5 17. a3 b4 18. axb4 Bxb4 19. Bf2 Be7 20. Nd4
Bc5 21. Re2 Bxd4 22. Bxd4 a5 23. g3 Rd5 24. b3 Rc8 25. Rd1 Rb5 26. Rb2 Rcb8 27.
Ba7 Rc8 28. Re1 Rc7 29. c4 Rbb7 30. Bc5 h6 31. Bd6 Rd7 32. Re3 Rb6 33. Kc2 Rdb7
34. Ra2 Ra6 35. b4 a4 36. b5 Bxb5 37. cxb5 Rxb5 38. Rb2 Rc6+ 39. Rc3 Rxc3+ 40.
Kxc3 Rxb2 41. Kxb2 h5 42. Ka3 g5 43. Be7 g4 44. Bf6 Kh7 45. Kxa4 Kg6 46. Kb5
Kf5 47. Kc6 Ke4 48. Kd6 Kf3 49. Ke7 Kg2 50. Kxf7 Kxh2 51. Bh4 1-0

[Event "Northern Michigan Open"]
[Site "Gaylord, MI"]
[Date "1997.07.19"]
[Round "3.1"]
[White "Walquist, Elaine"]
[Black "Moody, David"]
[Result "0-1"]
[WhiteElo "1745"]
[BlackElo "2012"]
[PlyCount "34"]
[EventDate "1997.07.19"]

1. e4 e5 2. Nf3 Nc6 3. d4 exd4 4. c3 d5 5. exd5 Qxd5 6. cxd4 Bg4 7. Be2 Nf6 8.
O-O Bd6 9. Re1 O-O 10. Be3 Rad8 11. Nbd2 Ne7 12. Qc2 c6 13. Bd3 Qh5 14. Be2
Ned5 15. g3 Rfe8 16. Bg5 Rxe2 17. Bxf6 Rxe1+ 0-1

[Event "Northern Michigan Open"]
[Site "Gaylord, MI"]
[Date "1997.07.19"]
[Round "2.10"]
[White "Ryskamp, John"]
[Black "Gatesy, Matthew"]
[Result "1-0"]
[WhiteElo "1339"]
[BlackElo "1132"]
[PlyCount "63"]
[EventDate "1997.07.19"]

1. e4 e6 2. d4 d5 3. e5 Bb4+ 4. c3 Ba5 5. Nf3 c5 6. Be2 Nc6 7. a3 cxd4 8. b4
Bb6 9. cxd4 Nge7 10. Bg5 Bd7 11. Nc3 a6 12. Na4 Qc7 13. Bxe7 Nxe7 14. O-O Nf5
15. Nxb6 Qxb6 16. Rc1 Bc6 17. Rc5 O-O 18. Qd2 Qd8 19. Bd3 Bb5 20. Bxb5 axb5 21.
Qd3 Nh4 22. Nxh4 Qxh4 23. f4 f6 24. g3 Qh3 25. exf6 Rxf6 26. Rxb5 Rh6 27. Rf2
Rf8 28. Qd2 Rff6 29. Rxb7 Rfg6 30. Rg2 Qf5 31. Qc1 Qh3 32. Qc8# 1-0

[Event "Northern Michigan Open"]
[Site "Gaylord, MI"]
[Date "1997.07.19"]
[Round "1.8"]
[White "Revnell, Joseph"]
[Black "Pierson, John"]
[Result "1-0"]
[WhiteElo "1514"]
[BlackElo "1249"]
[PlyCount "47"]
[EventDate "1997.07.19"]

1. d4 Nf6 2. Nf3 e6 3. e3 Bb4+ 4. Nbd2 d5 5. c4 c5 6. a3 Ba5 7. Qc2 Nc6 8. b3
O-O 9. dxc5 Ne4 10. h4 Bc7 11. Nxe4 dxe4 12. Nd2 f5 13. Bb2 Ne5 14. O-O-O Nd3+
15. Bxd3 exd3 16. Qc3 Rf7 17. Nf3 Rd7 18. Rxd3 Qe7 19. Rhd1 Rxd3 20. Rxd3 Bd7
21. Ne5 Bxe5 22. Qxe5 Re8 23. e4 fxe4 24. Rg3 1-0

[Event "Northern Michigan Open"]
[Site "Gaylord, MI"]
[Date "1997.07.19"]
[Round "3.6"]
[White "Revnell, Joseph"]
[Black "Evans Jr., Thomas"]
[Result "1-0"]
[WhiteElo "1514"]
[BlackElo "1293"]
[PlyCount "61"]
[EventDate "1997.07.19"]

1. d4 e6 2. Nf3 d5 3. e3 Nf6 4. c4 c6 5. a3 Be7 6. Nbd2 O-O 7. Qc2 a6 8. b3 b5
9. c5 Nbd7 10. Bb2 Bb7 11. Bd3 Re8 12. h3 g6 13. g4 Bf8 14. g5 Nh5 15. h4 Bg7
16. O-O-O e5 17. Be2 exd4 18. Bxd4 Bxd4 19. Nxd4 Ng7 20. h5 Qxg5 21. Rdg1 Qf6
22. hxg6 fxg6 23. Rh2 Nf8 24. Rgh1 Nge6 25. Nxe6 Qa1+ 26. Nb1 Rxe6 27. Bd3 Qf6
28. Rh4 Qxf2 29. Qxf2 Rae8 30. R4h3 d4 31. exd4 1-0